000 00677nam a2200241Ia 4500
003 OSt
005 20220918201317.0
006 a|||||r|||| 00| 0
007 ta
008 220917b |||||||| |||| 00| 0 eng d
024 _a93,038
037 _cTextual
040 _aARTS
_cARTS
_beng
041 _2eng
_aeng
082 _aV2wM77,1, L7 (=)
100 _aFazl-I-Husain Mian
_998070
245 0 _aDiary and notes of Mian Fazl-I-Husain ed by Waheed Ahmad
260 _aLahore
_bResearch Society of Pakistan
_c1977
300 _a363p.
_ccm.
650 _aHISTORY
942 _hV2wM77,1, L7 (=)
_cTEXL
_2CC
999 _c216686
_d216686